000 00957nam a2200277 i 4500
001 15003
003 ES-MaACL
005 20250815125310.0
007 t|
008 991125s1998 sp ||||1| spa d
020 _a84-7658-546-2
080 _a316.42
100 1 _aSolé, Carlota.
_9107129
245 1 0 _aModernidad y modernización /
_cCarlota Solé ; prefacio de A.D. Smith.
250 _a1ª ed.
260 _aBarcelona :
_bAnthropos ;
_aMéxico :
_bUniversidad Autónoma Metropolitana-Iztapalapa,
_c1998.
300 _aXXI, 305 p. ;
_c20 cm.
490 1 _aAutores, textos y temas. Ciencias sociales ;
_v19
504 _aBibliografía : p. 283-302.
650 1 7 _aCambio social
_2embne
_910692
700 1 _aSmith, A.D.
_9106843
710 2 _aUniversidad Autónoma Metropolitana.
_9169907
830 0 _aAutores, textos y temas. Ciencias sociales ;
_v19
_9178372
852 _aES-MaACL
_jL-22232
_bR.127057
999 _c15003
_d15003